La clausura en materia tributaria /
Guardado en:
| Autor Principal: | |
|---|---|
| Formato: | Libro |
| Idioma: | Spanish |
| Publicado: |
Buenos Aires :
Ad - Hoc,
2002.
|
| Edición: | 1a. ed. |
| Materias: | |
| Etiquetas: |
Agregar Etiqueta
Sin Etiquetas, Sea el primero en etiquetar este registro!
|
| LEADER | 00654nam a22001695a 4500 | ||
|---|---|---|---|
| 001 | DER.der001428 | ||
| 008 | 180615s2002####ag#||||||||||||||#||spa|| | ||
| 005 | 20241111104151.0 | ||
| 245 | 1 | 0 | |a La clausura en materia tributaria / |c Juan Manuel Álvarez Echagüe. |
| 250 | |a 1a. ed. | ||
| 260 | |a Buenos Aires : |b Ad - Hoc, |c 2002. | ||
| 300 | |a 319 p. | ||
| 505 | 0 | |a Aspectos teóricos prácticos. Cuestiones constituciones. La sanción de clausura dentro del monotributo. La clausura en los Códigos Fiscales provinciales | |
| 020 | |a 9508943327 | ||
| 100 | 1 | |a Álvarez Echagüe, Juan Manuel. | |
| 650 | 7 | |a DERECHO TRIBUTARIO | |
| 859 | |a DERECHO |b BIB. DERECHO |h 344.3 |i ALV |p 003503 | ||
